Fluid, electrolyte, and acid-base imbalances content review plus practice questions

Uloženo v:
Podrobná bibliografie
Hlavní autor: HALE, Allison Hoven, Mary Jo
Médium: Kniha
Jazyk:angličtina
Vydáno: F.A. Davis 2014
Tagy: Přidat tag
Žádné tagy, Buďte první, kdo vytvoří štítek k tomuto záznamu!

MARC

LEADER 00000nam a22000007a 4500
008 231128b |||||||| |||| 00| 0 eng d
020 |a 9780803622616F 
100 |a HALE, Allison  |a Hoven, Mary Jo 
245 |a Fluid, electrolyte, and acid-base imbalances  |b content review plus practice questions  |c /Allison Hale, Mary Jo Hovey  |g xx, 325p; ill 
260 |b F.A. Davis  |c 2014  |h Philadephia  |i 701597  |i 701598  |l RC630.H13  |m Body fluid disorders  |m Waters-electrolyte imbalances 
500 |a it includes references and index 
942 |a lcc  |c BK  |e Johnson  |f 28/11/23 
952 |0 0  |1 0  |2 lcc  |4 0  |6 RC0630 H13  |7 0  |9 4651  |a HE  |b HOL  |c QZ  |d 2023-11-28  |l 0  |o RC630.H13  |p 2023-0568  |r 2023-11-28 00:00:00  |t 701597  |w 2023-11-28  |y BK 
952 |0 0  |1 0  |2 lcc  |4 0  |6 RC0630 H13  |7 0  |9 4652  |a HOL  |b HOL  |c QZ  |d 2023-11-28  |l 0  |o RC630.H13  |p 2023-0569  |r 2023-11-28 00:00:00  |t 701598  |w 2023-11-28  |y BK 
999 |c 2331  |d 2331